=LDR 00000nam 2200000 4500 =001 INLIS000000000002364 =005 20130612090716 =008 ***********************************Ind** =035 ##$$0010-061300000002364 =041 ##$$a Ind =082 ##$$a 899.213 09 =090 ##$$a 899.213 09, Muj a =100 ##$$a Mujiningasih, Erlis Nur =245 ##$$a Analisis struktur novel Indonesia modern 1980-1990, Erlis Nur Mujiningsih, Nurhayati, Suryati Syam =260 ##$$a 1996 $b Jakarta =300 ##$$a viii, 21 cm =650 ##$$a Fiksi Indonesia-Sejarah =700 ##$$a Nurhayati =850 ##$$a NBPNMAT